Vocabulary Blitz XL Quiz Stats

 Plays Quiz Updated Feb 15, 2018

Score 0/5 Timer 01:00
7 Plays Today
% Correct
exculpate
89.2%
undulate
81.6%
ululate
76.8%
inculcate
72.6%
pullulate
67.7%

You're not logged in!

Compare scores with friends on all Sporcle quizzes.
OR
Log In

You Might Also Like...

Show Comments

Extras

Top Quizzes Today


Score Distribution

Your Account Isn't Verified!

In order to create a playlist on Sporcle, you need to verify the email address you used during registration. Go to your Sporcle Settings to finish the process.

Report this User

Report this user for behavior that violates our Community Guidelines.

Details: